Česko-italský slovník

Gespeichert in:
Bibliographische Detailangaben
Format: Buch
Sprache:Tschechisch
Italienisch
Veröffentlicht: Praha Stát. ped. nakl. 1988
Ausgabe:1. vyd.
Schriftenreihe:Střední slovníky jednostranné
Tags: Tag hinzufügen
Keine Tags, Fügen Sie das erste Tag hinzu!

MARC

LEADER 00000nam a2200000 4500
001 c040481
005 20250711083233.3
041 0 |a cze 
041 0 |a ita 
044 |a CZ 
245 1 0 |a Česko-italský slovník  |c Jaroslav Rosendorfský 
250 |a 1. vyd. 
264 1 |a Praha  |b Stát. ped. nakl.  |c 1988 
300 |a 838 s. 
490 1 |a Střední slovníky jednostranné 
830 0 |a Střední slovníky jednostranné